Statistics for Most Corrupt Countries 2010-2019

Click here to take the quiz!

General Stats

  • This quiz has been taken 20 times
  • The average score is 13 of 20

Answer Stats

Corrupt Country% Correct
Afghanistan
94%
North Korea
88%
South Sudan
88%
Democratic Republic of The Congo
81%
Iraq
81%
Somalia
81%
Sudan
75%
Venezuela
75%
Yemen
75%
Chad
69%
Eritrea
69%
Libya
69%
Republic of The Congo
69%
Equatorial Guinea
56%
Nicaragua
56%
Burundi
50%
Turkmenistan
50%
Haiti
44%
Guinea-Bissau
38%
Cambodia
25%

Score Distribution

Percentile by Number Answered

Percent of People with Each Score

Your Score History

You have not taken this quiz